Регионална библиотека "Любен Каравелов" - Русе

Антисоциалното поведение - теория и терапия (Запис номер 83704)

MARC детайли
000 -Лидер
Контролно поле с фиксирана дължина 02991nam a2200457 c 4500
003 - Код на организацията, давaща контролен номер
Контролно поле BLK
005 - Дата и час на последна редакция
Контролно поле 20240510092035.0
008 - Елементи от данни с фиксирана дължина
fixed length control field 180408b bul|||||r ||||||| ||bul||
010 ## - Наследен системен номер
LC control number KNG00088269000
020 ## - Международен стандартен номер на книга ISBN
Международен стандартен номер на книга ISBN 954-91532-8-6
-- издат.: Център за психосоциална подкрепа
040 ## - Източник на каталожния запис
Идентификатор на билиотеката - собственик на записа BLK
041 ## - Код за език
Код за езика на текст/звукозапис или на отделно заглавие Български
Код за езика КДБФ Български
080 ## - УДК
Текстов определител УДК Психология на юношите
УДК код - определител по УДК 159.922.8
УДК определител (08)
УДК - код + определител 159.922.8(08)
080 ## - УДК
Текстов определител УДК Възпитаване на лица, трудни за възпитаване - Възпитание на ранно развити деца, на високо надарени, разглезени, принудително възпитания на младежи, подлежащи на наказание. Вж и 343.81;343.8
УДК код - определител по УДК 376.5
УДК определител .015.3(08)
УДК - код + определител 376.5.015.3(08)
080 ## - УДК
Текстов определител УДК Психоанализата като лечебно средство
УДК код - определител по УДК 615.851.13
УДК определител -053.6(08)
УДК - код + определител 615.851.13-053.6(08)
139 ## - Редно поле
Редна дума Антисоциалното поведение - теория и терапия
Авторски знак Ант - А 74
245 10 - Сведения за заглавието
Заглавие Антисоциалното поведение - теория и терапия
Подзаглавни данни Сб.
Редно поле (дума) подб. и ред. Диана Андонова Циркова; прев. Ваня Недялкова.
257 ## - Страна на издаване
Страна на създаване/издаване България
260 ## - Област на издателските данни
-- София
Име на издателя, разпространителя и проч. Център за психосоциална подкрепа
Година на издаване 2008
Печатница София : Ракурс
300 ## - Физическа характеристика
Страници 216 с.
Размери/Мащаб 21 см
380 ## - Жанр
Жанр Философия
490 1# - СЕРИИ (Колекции)
Име на серия Серия Практики
500 ## - Общи забележки
Забележка Други прев. : Р. Дочева, Зл. Теохаров, М. Маленов. - Съдържа и За терапевтичните консултации на Уиникът / Мален Маленов ; За книгата на Патрик Деларош Трябва ли да се отстъпва пред юношите / Розалина Дочева ; За Алфред Шьопф / Златко Теохаров. - Кн. се издава по Програма ФАР Развитие на гражданското общество, Проект BG 2004/016.711.01.01.lot-2-041. - Офс. изд.
650 #4 - Допълнително описание по предмет – тема
Основно описание – тема или топоним Девиантно поведение
9 (RLIN) 284247
650 #4 - Допълнително описание по предмет – тема
Основно описание – тема или топоним Правонарушители, малолетни
9 (RLIN) 271631
650 #4 - Допълнително описание по предмет – тема
Основно описание – тема или топоним Юноши - психология
9 (RLIN) 263551
650 #4 - Допълнително описание по предмет – тема
Основно описание – тема или топоним Психоанализа
9 (RLIN) 168303
653 ## - Ключова дума – ненормативна
Ключова дума асоциално поведение
653 ## - Ключова дума – ненормативна
Ключова дума девиантно поведение
653 ## - Ключова дума – ненормативна
Ключова дума малолетни
653 ## - Ключова дума – ненормативна
Ключова дума криминални престъпници
653 ## - Ключова дума – ненормативна
Ключова дума детска престъпност
700 1# - Други автори (авторска отговорност)
Лично име Циркова, Диана Андонова
Автороска отговорност (Описва отношението между автора и произведението) подб. и ред.
9 (RLIN) 140106
700 1# - Други автори (авторска отговорност)
Лично име Недялкова, Ваня
Автороска отговорност (Описва отношението между автора и произведението) прев.
9 (RLIN) 301089
852 ## - Местоположение
Форматна сигнатура Цб 243169
856 4# - Електронен адрес и достъп
Електронен формат pdf - файл
Път до файла /url/
856 4# - Електронен адрес и достъп
Електронен формат pdf - файл
Път до файла /url/
942 ## - АРТИКУЛИ
Вид на библиотечния материал Книги
Скрит в OPAC Не
Koha issues (borrowed), all copies 1
944 ## - СЪЗДАВАНЕ И РЕДАКЦИЯ на ЗАПИСА
Създаване/Редакция Създаване
Дата на регистрацията/редакция 12.03.2009
Статус, дата на статуса Христина Везирева
Служител, извършил регистрацията/редакцията 30535
944 ## - СЪЗДАВАНЕ И РЕДАКЦИЯ на ЗАПИСА
Създаване/Редакция Редакция
Дата на регистрацията/редакция 20.12.2012
Статус, дата на статуса ф /
Служител, извършил регистрацията/редакцията
999 ## - СИСТЕМНИ КОНТРОЛНИ НОМЕРА
Koha biblionumber 83704
Koha biblioitemnumber 83704
Наличности
Код за отписване Код за изгубен артикул Код за повреда Коз за рестрикции Код за отдаване Артикулен № Име на библиотеката - собственик Име на библиотеката, в която се намира в момента Статус (Текущо местоположение) Дата на вписване в системата Местоположение - отдел Цена в лева Инвентарен номер Систематично азбучна сигнатура Баркод Номер на екземпляра Цена в евро Служебна бележка Служебен тип на артикула
  Не е изгубен Не е повреден без рестрикции ползва се в читалня 136057 Регионална библиотека "Любен Каравелов" Русе Регионална библиотека "Любен Каравелов" Русе Хранилище 2009-03-12 Хранилище 0.00 120000734150 Цб 243169 120000734150 1 0.00 Дост: Dp Вид: Д N: 41 Дата: 24.09.2008 Книги
  Не е изгубен Не е повреден без рестрикции ползва се в читалня 136058 Регионална библиотека "Любен Каравелов" Русе Регионална библиотека "Любен Каравелов" Русе Читалня 2012-11-25 Читалня 12.00 120000761493 Ч 159.9/А 74 120000761493 2 6.14 Дост: Pk Вид: Ф N: 321 Дата: 19.11.2012 Дата инв: 21.03.2017 Бележки инв: Ч2017 Книги
Vip Innovations Ltd, Rousse, Bulgaria 2025